Top Destinations from Sydney Airport (SYD) - Statistics

General Stats
  • This quiz has been taken 887 times
  • The average score is 13 of 20
Answer Stats
Passenger Answer % Correct
1,760.9 Perth
96%
8,613.4 Melbourne
95%
1,505,357 Auckland
90%
4,476.2 Brisbane
90%
1,385,345 Singapore
89%
1,831.5 Adelaide
87%
787,376 Los Angeles
78%
946.8 Canberra
73%
898,252 Dubai
71%
2,618.3 Gold Coast
71%
928,850 Hong Kong
71%
594,678 Bangkok-Suvarnabhumi
70%
459,826 Christchurch
66%
546.3 Hobart
66%
1,032.6 Cairns
64%
731,879 Kuala Lumpur
60%
503,850 Abu Dhabi
41%
424,882 Nadi
31%
546.3 Sunshine Coast
30%
481.8 Ballina
10%
No matching quizzes found
Score Distribution
Percent of People with Each Score
Percentile by Number Answered
Your Score History
You have not taken this quiz